000 00661nam a2200265Ia 4500
005 20260121173646.0
008 008 260114s9999 xx 000 0 eng d
020 _a9789462650350
037 _aEBOOK
040 _aCRL
040 _beng
040 _cCRL
041 _2eng
041 _aeng
084 _qCRL
100 _aL. H. Erkelens A.W.H. Meij M. Pawlik
_91103597
245 4 _aThe European Public Prosecutor?s Office
260 _bSpringer
260 _bSpringer
260 _c2015
856 _uhttps://link.springer.com/openurl?genre=book&isbn=978-94-6265-035-0
942 _cEBOOK
999 _c1669345
_d1669345